Business economics : (Record no. 64892)

MARC details
000 -LEADER
fixed length control field 00930nam a22002777a 4500
005 - DATE AND TIME OF LATEST TRANSACTION
control field 20130717130045.0
010 ## - LCCN (DPL NO)
LC control number ENG-104963
020 ## - INTERNATIONAL STANDARD BOOK NUMBER
International Standard Book Number 9788185044781
Terms of availability 345.00
020 ## - INTERNATIONAL STANDARD BOOK NUMBER
International Standard Book Number 8185044783
Terms of availability 345.00
035 ## - SYSTEM CONTROL NUMBER
System control number EN-88496
035 ## - SYSTEM CONTROL NUMBER
System control number B-491147-151
037 ## - SOURCE OF ACQUISITION
Source of stock number/acquisition DBAD/PUB
037 ## - SOURCE OF ACQUISITION
Source of stock number/acquisition BSB/Ven
Stock number dpl
082 ## - DEWEY DECIMAL CLASSIFICATION NUMBER
Classification number 338.5024658
100 ## - MAIN ENTRY--PERSONAL NAME
Personal name Raj Kumar
245 ## - TITLE STATEMENT
Title Business economics :
Statement of responsibility, etc by Raj Kumar [and] Er. Gurjeet Singh
Remainder of title applications & analysis /
250 ## - EDITION STATEMENT
Edition statement 4th rev. ed
260 ## - PUBLICATION, DISTRIBUTION, ETC. (IMPRINT)
Place of publication, distribution, etc New Delhi
Name of publisher, distributor, etc UDH Publishers & Distributors
Date of publication, distribution, etc 2011
270 ## - ADDRESS
Address 4762-63, Ansari Road, Darya Ganj
City New Delhi
Postal code 110002
300 ## - PHYSICAL DESCRIPTION
Extent xiv,345p.
Dimensions 24cm(pbk)
Other physical details ill.
500 ## - GENERAL NOTE
General note Includes index
700 ## - ADDED ENTRY--PERSONAL NAME
9 (RLIN) 44960
Personal name Er. Amardeep Singh
700 ## - ADDED ENTRY--PERSONAL NAME
Personal name Er. Gurjeet Singh
9 (RLIN) 44973
942 ## - ADDED ENTRY ELEMENTS (KOHA)
Source of classification or shelving scheme Dewey Decimal Classification
Item type English Books
Call number suffix RAJ
Classification part 338.5024658
Holdings
Withdrawn status Lost status Not for loan Collection code Home library Current library Date acquired Source of acquisition Cost, normal purchase price Full call number Barcode Copy number Cost, replacement price Koha item type
      Non-fiction Central Library Central Library 17/07/2013 BSB/642/08/01/2013/115/18.12.2012/18.1.2013 345.00 338.5024658 RAJ B-491147 1 345.00 English Books
    Not For Loan Non-fiction D.B.Act.Division D.B.Act.Division 11/04/2012 DBAD/PUB 345.00 338.5024658 RAJ EN-88496 1 345.00 English Books
      Non-fiction Janak Puri Janak Puri 17/07/2013 BSB/642/08/01/2013/115/18.12.2012/18.1.2013 345.00 338.5024658 RAJ B-491149 1 345.00 English Books
      Non-fiction Patel Nagar Patel Nagar 17/07/2013 BSB/642/08/01/2013/115/18.12.2012/18.1.2013 345.00 338.5024658 RAJ B-491148 1 345.00 English Books
      Non-fiction Sarojini Nagar Sarojini Nagar 17/07/2013 BSB/642/08/01/2013/115/18.12.2012/18.1.2013 345.00 338.5024658 RAJ B-491150 1 345.00 English Books
      Non-fiction Shahdara Branch Shahdara Branch 17/07/2013 BSB/642/08/01/2013/115/18.12.2012/18.1.2013 345.00 338.5024658 RAJ B-491151 1 345.00 English Books

© Delhi Public Library
Hit Counter
free hit counter